Advocati neapolitani RespublicaIurisconsultorum (Record no. 10899)

MARC details
000 -CABECERA
campo de control de longitud fija 01140nam a22002417a 4500
001 - NÚMERO DE CONTROL
campo de control BRCA_9280
003 - IDENTIFICADOR DEL NÚMERO DE CONTROL
campo de control FranzMayer
005 - FECHA Y HORA DE LA ÚLTIMA TRANSACCIÓN
campo de control 20230721125145.0
008 - DATOS DE LONGITUD FIJA--INFORMACIÓN GENERAL
campo de control de longitud fija 230721b |||||||| |||| 00| 0 eng d
040 ## - FUENTE DE LA CATALOGACIÓN
Centro catalogador/agencia de origen MFM
Lengua de catalogación esp
Centro/agencia transcriptor MFM
050 #4 - SIGNATURA TOPOGRÁFICA DE LA BIBLIOTECA DEL CONGRESO
Número de clasificación LE-49
Número de documento/Ítem A97 1733
082 ## - NÚMERO DE LA CLASIFICACIÓN DECIMAL DEWEY
Número de edición K117.N3
100 1# - ENTRADA PRINCIPAL--NOMBRE DE PERSONA
Código de función/relación Autor
Nombre de persona Aurelii, Iosephi
9 (RLIN) 28901
240 1# - TÍTULO UNIFORME
Título uniforme Advocati neapolitani RespublicaIurisconsultorum
Medio Editio altera ad exemplar neapolitanum expressa aedit Frederici Ottonis Menckenii, lipsiensis, ad autorem epístola
Lenguaje de la obra Latín
245 0# - MENCIÓN DE TÍTULO
Título Advocati neapolitani RespublicaIurisconsultorum
Resto del título Editio altera ad exemplar neapolitanum expressa aedit Frederici Ottonis Menckenii, lipsiensis, ad autorem epístola
260 ## - PUBLICACIÓN, DISTRIBUCIÓN, ETC.
Lugar de publicación, distribución, etc. Nápoles
Nombre del editor, distribuidor, etc. Lipsiae
Fecha de publicación, distribución, etc. 1733
300 ## - DESCRIPCIÓN FÍSICA
Extensión 444 p
Dimensiones 18 cm
500 ## - NOTA GENERAL
Nota general El libro contiene marcas en la primer página en blanco hechas con tinta
505 ## - NOTA DE CONTENIDO CON FORMATO
Nota de contenido con formato Texto en: latínDirigido a: Abogados, jueces, historiadores, historiadores de Italia y NápolesIncluye índice temático
650 1# - PUNTO DE ACCESO ADICIONAL DE MATERIA--TÉRMINO DE MATERIA
Fuente del encabezamiento o término Sistema de leyes
Término de materia o nombre geográfico como elemento de entrada Documentos legales
Subdivisión de forma Constitución
9 (RLIN) 28902
651 2# - PUNTO DE ACCESO ADICIONAL DE MATERIA--NOMBRE GEOGRÁFICO
Fuente del encabezamiento o término Leyes europeas
Nombre geográfico Italia
Subdivisión de forma Nápoles
9 (RLIN) 28903
942 ## - ELEMENTOS DE PUNTO DE ACCESO ADICIONAL (KOHA)
Fuente del sistema de clasificación o colocación Library of Congress Classification
Tipo de ítem Koha Libros
Holdings
Estado de retiro Estado de pérdida Fuente del sistema de clasificación o colocación Estado dañado No para préstamo Código de colección Localización permanente Ubicación/localización actual Fecha de adquisición Fuente de adquisición Total de préstamos Signatura topográfica completa Código de barras Fecha visto por última vez Precio válido a partir de Tipo de ítem Koha
El ejemplar forma parte de la colección y puede ser consultado según las políticas vigentes.   Library of Congress Classification     Conventual Franz Mayer Biblioteca del Museo Franz Mayer (Rogerio Casas-Alatriste) Biblioteca del Museo Franz Mayer (Rogerio Casas-Alatriste) 21/07/2023 Donación   LE49 A97 1733 CFM00516 21/07/2023 21/07/2023 Libros